Static fields
Spremljeno u:
| Autori kompanije: | , , |
|---|---|
| Format: | Knjiga |
| Izdano: |
Geneva
World Health Organization
c2006
|
| Serija: | Environmental health criteria ;
232. |
| Teme: | |
| Online pristup: | Visit NHRC Library |
| Oznake: |
Dodaj oznaku
Bez oznaka, Budi prvi tko označuje ovaj zapis!
|
| LEADER | 01556nam a22003377a 4500 | ||
|---|---|---|---|
| 001 | 5810964 | ||
| 020 | |a 9241572329 | ||
| 022 | |a 0250863 x | ||
| 060 | |a QT 34 | ||
| 245 | 0 | 0 | |a Static fields |
| 260 | |a Geneva |b World Health Organization |c c2006 | ||
| 300 | |a xvii, 351 p. ; |c 21 cm. | ||
| 490 | 1 | |a Environmental health criteria ; |v 232 | |
| 500 | |a "Published under the joint sponsorship of the International Labour Organization, the International Commission on Non-Ionizing Radiation Protection, and the World Health Organization". | ||
| 504 | |a Includes bibliographical references. | ||
| 546 | |a Summaries in French, Russian and Spanish. | ||
| 650 | 0 | |a Electric fields |x Health aspects. |9 1381 | |
| 650 | 0 | |a Magnetic fields |x Physiological effect. |9 1382 | |
| 650 | 1 | 2 | |a Electromagnetic Fields |x adverse effects. |9 1383 |
| 650 | 1 | 2 | |a Magnetic Resonance Imaging |x adverse effects. |9 1384 |
| 650 | 1 | 2 | |a Radiometry |x standards. |9 1385 |
| 650 | 2 | 2 | |a Environmental Exposure. |9 881 |
| 650 | 2 | 2 | |a Risk Assessment. |9 1124 |
| 710 | 2 | |a International Labour Organisation. |9 1004 | |
| 710 | 2 | |a World Health Organization. |9 1053 | |
| 710 | 2 | |a International Commission on Non-Ionizing Radiation Protection. |9 918 | |
| 830 | 0 | |a Environmental health criteria ; |v 232. |9 919 | |
| 856 | |u http://nhrc.org.np/index.php?option=com_content&view=article&id=48&Itemid=53 |y Visit NHRC Library | ||
| 942 | |2 NLM |c BK | ||
| 952 | |0 0 |1 0 |2 NLM |4 0 |6 QT_34_000000000000000_WHO_2006 |7 0 |9 1526 |a NHRC |b NHRC |c CART |d 2013-03-21 |l 0 |o QT 34/WHO/2006 |p 001222 |r 2013-03-21 |w 2013-03-21 |y BK | ||
| 999 | |c 1485 |d 1485 | ||